Economic bases for the Agricultural Adjustment Act, (Record no. 9603)

MARC details
000 -LEADER
fixed length control field 01157cam a22002771 4500
001 - CONTROL NUMBER
control field agr33000927
003 - CONTROL NUMBER IDENTIFIER
control field DLC
005 - DATE AND TIME OF LATEST TRANSACTION
control field 20260227110953.0
008 - FIXED-LENGTH DATA ELEMENTS--GENERAL INFORMATION
fixed length control field 790920s1933 dcuab f000 0 eng
010 ## - LIBRARY OF CONGRESS CONTROL NUMBER
LC control number agr33000927
035 ## - SYSTEM CONTROL NUMBER
System control number (OCoLC)5391160
040 ## - CATALOGING SOURCE
Original cataloging agency DLC
Transcribing agency ArU
Modifying agency OCoLC
-- DLC
042 ## - AUTHENTICATION CODE
Authentication code premarc
050 00 - LIBRARY OF CONGRESS CALL NUMBER
Classification number HD9005
Item number .A5 1933
082 ## - DEWEY DECIMAL CLASSIFICATION NUMBER
Classification number 338.10973
110 1# - MAIN ENTRY--CORPORATE NAME
Corporate name or jurisdiction name as entry element United States.
Subordinate unit Department of Agriculture.
245 10 - TITLE STATEMENT
Title Economic bases for the Agricultural Adjustment Act,
Statement of responsibility, etc. by Mordecai Ezekiel, economic advisor to the Secretary of Agriculture and Louis H. Bean, economic adviser Agricultural Adjustment Administration.
260 ## - PUBLICATION, DISTRIBUTION, ETC.
Place of publication, distribution, etc. Washington,
Name of publisher, distributor, etc. U.S. Govt. Print. Off.,
Date of publication, distribution, etc. 1933.
300 ## - PHYSICAL DESCRIPTION
Extent iv, 67 p.
Other physical details diagrs., map.
Dimensions 23 cm.
500 ## - GENERAL NOTE
General note At head of title: United States Department of Agriculture, Washington, D. C., December, 1933.
500 ## - GENERAL NOTE
General note Contribution from the Office of the Secretary and the Agricultural Adjustment Administration.
650 #0 - SUBJECT ADDED ENTRY--TOPICAL TERM
Topical term or geographic name entry element Agriculture
General subdivision Economic aspects.
700 1# - ADDED ENTRY--PERSONAL NAME
Personal name Ezekiel, Mordecai,
Dates associated with a name 1899-1974.
700 1# - ADDED ENTRY--PERSONAL NAME
Personal name Bean, Louis H.
Fuller form of name (Louis Hyman),
Dates associated with a name 1896-1994.
740 0# - ADDED ENTRY--UNCONTROLLED RELATED/ANALYTICAL TITLE
Uncontrolled related/analytical title Agricultural adjustment act.

No items available.

Powered by Koha